000 00348nam a2200145Ia 4500
008 230711s9999||||xx |||||||||||||| ||und||
041 _aENG
082 _a5
_bHO-C
100 _aHolzner,Steven
245 0 _aC with assembly language
250 _a1st
260 _c1989
_aNew Delhi
_bBPB Publications
650 _aComputer Engineering
942 _cBK
999 _c1367
_d1367